Revista de pedagogía : (Record no. 22057)

000 -CABECERA
fixed length control field 01187nam a22002177a 4500
003 - IDENTIFICADOR DEL NÚMERO DE CONTROL
control field AR-CdUCM
008 - DATOS DE LONGITUD FIJA--INFORMACIÓN GENERAL
fixed length control field 190417b ||||| |||| 00| 0 spa d
040 ## - FUENTE DE LA CATALOGACIÓN
Agencia/entidad que catalogó originalmente la obra MUNICIPALIDAD PROVINCIAL DEL CUSCO
Entidad que transcribió la catalogación BIBLIOTECA MUNICIPAL DEL CUSCO
082 ## - NÚMERO DE LA CLASIFICACIÓN DECIMAL DEWEY
No. de Clasificación Pedagogía/N°1/1944
245 ## - MENCIÓN DE TÍTULO
Título Revista de pedagogía :
Resto del título órgano de La sección Normal Superior de la Universidad Nacional del Cuzco /
260 ## - PUBLICACIÓN, DISTRIBUCIÓN, ETC.
Lugar de publicación, distribución, etc. Cuzco :
Nombre de la editorial, distribuidor, etc. H.G. Rozas,
Fecha de publicación, distribución, etc. 1944.
300 ## - DESCRIPCIÓN FÍSICA
Nº de Páginas Extensión 126 paginas ;
Dimensiones 23 cm.
440 ## - MENCIÓN DE SERIE/PUNTO DE ACCESO ADICIONAL--TÍTULO
Título Revista de pedagogía.
Número de la parte/sección de una obra N°1, 1944.
9 (RLIN) 47312
505 ## - NOTA DE CONTENIDO CON FORMATO
Nota de contenido formateada Contenido: La enseñanza deñ castellano. José Gabriel Cosio. -- La enseñanza del idioma español y las definiciones gramaticales. Humberto Vidal -- Breve reseña histórica de la evolución de la metodología pedagógica. Maximiliano Moscoso. -- Eduquemos el sentimiento. Delia Vidal. -- La enseñanza de nuestra historia patria. Julián Santisteban. -- La graduación didáctica. Juvenal Salas. -- Patria tierra y canción- Luis Nieto Miranda...
650 ## - PUNTO DE ACCESO ADICIONAL DE MATERIA--TÉRMINO DE MATERIA
Descriptor Pedagogía
9 (RLIN) 1560
650 ## - PUNTO DE ACCESO ADICIONAL DE MATERIA--TÉRMINO DE MATERIA
Descriptor Educación
9 (RLIN) 460
650 ## - PUNTO DE ACCESO ADICIONAL DE MATERIA--TÉRMINO DE MATERIA
Descriptor Perú
9 (RLIN) 47313
710 ## - PUNTO DE ACCESO ADICIONAL--NOMBRE DE ENTIDAD CORPORATIVA
Nombre corporativo (En letras Mayúsculas) Universidad Nacional San Antonio de Abad del Cuzco
9 (RLIN) 47314
942 ## - ELEMENTOS DE PUNTO DE ACCESO ADICIONAL (KOHA)
Fuente de clasificación
Tipo de item Revistas cusqueñas
945 ## - PROCESAMIENTO DE INFORMACIÓN LOCAL (OCLC)
Catalogador rac
Holdings
Estado de retiro (separado) Fuente de clasificación o esquema de estanterías Estado dañado Ubicación Sala donde se ubica Nombre de la colección Fecha de adquisición o compra Costo, precio normal en soles Signatura topográfica Código de Barras Última vez visto (Koha) Tipo de ítem (Koha)
No     Sala Hemeroteca Sala Hemeroteca Book Cart 2022-02-28 5.00 Pedagogía/N°1/1944 REVC000638 2022-02-28 Revistas cusqueñas

Powered by Koha